• 首页
  • 本馆介绍
  • 公告通知
  • 最新文献
  • 馆藏检索
  • 电子资源
  • 读者导购
  • 参考咨询
  • 我的图书馆
  • 登录
  • 详细信息显示
  • 放入我的书架
  • 预约/预借图书
  • 作者相关作品
  • 分类相关作品
  • 丛书相关作品
  • 出版社相关作品

书目信息

  • 表格格式
  • 工作单格式
  • 卡片格式
题名:
博弈论
    
 
作者: 施锡铨 著
分册:  
出版信息: 上海   上海财经大学出版社  2000
页数: 452页
开本: 21cm
丛书名: 现代经济学研究丛书
单 册:
中图分类: F224.32
科图分类:
主题词: 对策论--应用--经济
电子资源:
ISBN: 7-81049-398-1
000 00596nam2 2200217 45
001 0111061633
005 20051114170325.39
010    @a7-81049-398-1@dCNY32.00
092    @aCN
100    @a20011106d2000 km y0chiy0120 ea
101 0  @achi
200 1  @a博弈论@ABo Yi Lun@f施锡铨著@FShi Xi Quan Zhu
210    @a上海@c上海财经大学出版社@d2000
215    @a452页@d21cm
225    @a现代经济学研究丛书@f费方域主编
410    @12001 @a现代经济学研究丛书
606 0  @a对策论@x应用@x经济
690    @aF224.32@v4
701    @a施锡铨@4著
801    @aCN@bTSTC@c20051114
905    @a10447@dF224.32@e114
    
    博弈论/施锡铨著.-上海:上海财经大学出版社,2000
    452页;21cm.-(现代经济学研究丛书/费方域主编)
    
    
    ISBN 7-81049-398-1:CNY32.00
    
●
相关链接 在E读中查询图书 在五车中查询图书 在当当中查询图书 在豆瓣中查询图书


正题名:博弈论     索取号:F224.32/114         预约/预借

序号 登录号 条形码 馆藏地/架位号 状态 备注
1 0300476   203004765   第一借阅区/ [索取号:F224.32/114] 在馆    
2 0300477   203004774   第一借阅区/ [索取号:F224.32/114] 在馆    
3 0300478   203004783   密集书库/ [索取号:F224.32/114] 在馆    
4 0300479   203004792   密集书库/ [索取号:F224.32/114] 在馆    
5 0300480   203004809   第一样本阅览室/ [索取号:F224.32/114] 在馆    
6 0354418   3544187   密集书库/ [索取号:F224.32/114] 在馆    
7 0354419   3544196   密集书库/ [索取号:F224.32/114] 在馆    
8 0354420   3544203   第一借阅区/ [索取号:F224.32/114] 在馆    
9 0354421   3544212   第一借阅区/ [索取号:F224.32/114] 在馆    
10 0354422   3544221   第一借阅区/ [索取号:F224.32/114] 在馆    
11 0367337   203673373   第一借阅区/ [索取号:F224.32/114] 在馆    
12 0367338   203673382   密集书库/ [索取号:F224.32/114] 在馆    
13 0367339   203673391   第一借阅区/ [索取号:F224.32/114] 在馆    
14 0367340   203673408   密集书库/ [索取号:F224.32/114] 在馆    
15 0367341   203673417   密集书库/ [索取号:F224.32/114] 在馆    
唐山师范学院图书馆 欢迎您!
大连网信软件有限公司© 版权所有